Tony Award Winners for Best Actress in a Musical - Statistics

General Stats
  • This quiz has been taken 197 times
    57 since last reset
  • The average score is 42 of 79
Answer Stats
Year Musical Actress % Correct
2004 Wicked Idina Menzel
93%
2016 The Color Purple Cynthia Erivo
90%
2012 Porgy and Bess Audra McDonald
86%
1999 Annie Get Your Gun Bernadette Peters
86%
1986 Song and Dance Bernadette Peters
86%
2025 Sunset Boulevard Nicole Scherzinger
86%
2008 Gypsy Patti LuPone
86%
1980 Evita Patti LuPone
86%
2011 Anything Goes Sutton Foster
86%
2002 Thoroughly Modern Millie Sutton Foster
86%
1993 Kiss of the Spider Woman Chita Rivera
76%
1984 The Rink Chita Rivera
76%
1995 Sunset Boulevard Glenn Close
76%
2019 The Cher Show Stephanie J. Block
76%
2010 A Little Night Music Catherine Zeta-Jones
72%
1978 The Act Liza Minnelli
72%
1965 Flora the Red Menace Liza Minnelli
72%
1979 Sweeney Todd: The Demon Barber of Fleet Street Angela Lansbury
69%
1975 Gypsy Angela Lansbury
69%
1969 Dear World Angela Lansbury
69%
1966 Mame Angela Lansbury
69%
1982 Dreamgirls Jennifer Holliday
69%
2023 Kimberly Akimbo Victoria Clark
69%
2005 The Light in the Piazza Victoria Clark
69%
2017 Hello, Dolly! Bette Midler
66%
1957 Bells Are Ringing Judy Holliday
66%
1960 The Sound of Music Mary Martin
66%
1955 Peter Pan Mary Martin
66%
1950 South Pacific Mary Martin
66%
2013 Pippin Patina Miller
66%
2020 Tina Adrienne Warren
62%
1951 Call Me Madam Ethel Merman
62%
1991 Miss Saigon Lea Salonga
62%
1964 Hello, Dolly! Carol Channing
59%
2014 Beautiful: The Carole King Musical Jessie Mueller
59%
1973 A Little Night Music Glynis Johns
55%
2015 The King and I Kelli O'Hara
55%
1972 Follies Alexis Smith
52%
2009 Next to Normal Alice Ripley
52%
1959 Redhead Gwen Verdon
52%
1958 New Girl in Town Gwen Verdon
52%
1956 Damn Yankees Gwen Verdon
52%
2000 Aida Heather Headley
52%
2018 The Band's Visit Katrina Lenk
52%
1981 Woman of the Year Lauren Bacall
48%
1970 Applause Lauren Bacall
48%
2024 Hell's Kitchen Maleah Joi Moon
48%
1967 The Apple Tree Barbara Harris
45%
1998 Cabaret Natasha Richardson
45%
2007 Grey Gardens Christine Ebersole
41%
2001 42nd Street Christine Ebersole
41%
1996 The King and I Donna Murphy
41%
1994 Passion Donna Murphy
41%
1952 The King and I Gertrude Lawrence
41%
1953 Wonderful Town Rosalind Russell
41%
1990 Gypsy Tyne Daly
41%
1962 No Strings Diahann Carroll
38%
1992 Guys and Dolls Faith Prince
38%
2006 The Color Purple LaChanze
38%
2003 Hairspray Marissa Jaret Winokur
38%
1963 Tovarich Vivien Leigh
38%
1997 Chicago Bebe Neuwirth
34%
1976 A Chorus Line Donna McKechnie
34%
1988 Into the Woods Joanna Gleason
34%
2022 Paradise Square Joaquina Kalukango
34%
1968 Hallelujah, Baby! Leslie Uggams
34%
1958 New Girl in Town Thelma Ritter
31%
1962 Carnival! Anna Maria Alberghetti
28%
1977 Annie Dorothy Loudon
28%
1961 Irma La Douce Elizabeth Seal
28%
1987 Me and My Girl Maryann Plunkett
28%
1989 Black and Blue Ruth Brown
28%
1954 Carnival in Flanders Dolores Gray
24%
1948 Angel in the Wings Grace Hartman
24%
1949 Love Life Nanette Fabray
24%
1983 On Your Toes Natalia Makarova
21%
1968 Darling of the Day Patricia Routledge
21%
1971 No, No, Nanette Helen Gallagher
17%
1974 Raisin Virginia Capers
17%
No matching quizzes found
Score Distribution
Percent of People with Each Score
Percentile by Number Answered
Your Score History
You have not taken this quiz since the last reset